000 00743nam a22002297a 4500
999 _c9305
_d9305
003 AR-CdUCM
008 190327b ||||| |||| 00| 0 spa d
040 _aMUNICIPALIDAD PROVINCIAL DEL CUSCO
_cBIBLIOTECA MUNICIPAL DEL CUSCO
082 _a869.58 /
_bSA24
100 _aSanguinetti, Felipe
_925417
245 _aTa-ta-ri :
_bY otros cuentos /
260 _aLima :
_c1964.
300 _a34 paginas ;
_c20 cm.
500 _aDonacion de la familia Nieto Dedicatoria a Luis Nieto
505 _aContenido: El cuchichancho -- ta-ta-ri -- abuelo santiago -- tia petita -- el cabo panchito...
650 _aCuentos
_9217
650 _aLiteratura
_983
650 _aHistoria
_9136
650 _aPerĂº
_935
942 _2ddc
_cLIBROS
945 _apjha